LEADER 02247nam0 2200565 i 450 001 VAN00132855 005 20250604040120.616 017 70$2N$a9783319037622 100 $a20210329d2014 |0itac50 ba 101 $aeng 102 $aCH 105 $a|||| ||||| 200 1 $aData Analysis$eStatistical and Computational Methods for Scientists and Engineers$fSiegmund Brandt$gtranslated by Glen Cowan 205 $a4. ed 210 $aCham$cSpringer$d2014 215 $axx, 523 p.$cill.$d24 cm 500 1$3VAN00134834$aDatenanalyse$933530 606 $a62-XX$xStatistics [MSC 2020]$3VANC022998$2MF 606 $a62Cxx$xStatistical decision theory [MSC 2020]$3VANC024591$2MF 610 $aAnalysis of variance$9KW:K 610 $aComputer-generated Random Numbers$9KW:K 610 $aData Analysis using Java$9KW:K 610 $aData analysis$9KW:K 610 $aError propagation$9KW:K 610 $aFundamentals of Data Analysis$9KW:K 610 $aJava Programs for Data Analysis$9KW:K 610 $aLeast Squares$9KW:K 610 $aLinear regression$9KW:K 610 $aMatrix Calculation$9KW:K 610 $aMatrix algebra$9KW:K 610 $aMonte Carlo Methods$9KW:K 610 $aPolynomial regression$9KW:K 610 $aSingular-Value Analysis$9KW:K 610 $aStatistical Distributions$9KW:K 610 $aStatistical Error Analysis$9KW:K 610 $aStatistical Methods$9KW:K 610 $aTesting Statistical Hypotheses$9KW:K 610 $aTime Series Analysis$9KW:K 620 $aCH$dCham$3VANL001889 700 1$aBrandt$bSiegmund$3VANV106695$014424 702 1$aCowan$bGlen$3VANV106696$4730 712 $aSpringer $3VANV108073$4650 801 $aIT$bSOL$c20250606$gRICA 856 4 $uhttp://doi.org/10.1007/978-3-319-03762-2$zE-book ? Accesso al full-text attraverso riconoscimento IP di Ateneo, proxy e/o Shibboleth 899 $aBIBLIOTECA DEL DIPARTIMENTO DI MATEMATICA E FISICA$1IT-CE0120$2VAN08 912 $fN 912 $aVAN00132855 950 $aBIBLIOTECA DEL DIPARTIMENTO DI MATEMATICA E FISICA$d08DLOAD e-book 2033 $e08eMF2033 20210329 996 $aDatenanalyse$933530 997 $aUNICAMPANIA LEADER 01599nam0 22003853i 450 001 VAN00260374 005 20240806101501.863 017 70$2N$a9783540372813 100 $a20230628d1977 |0itac50 ba 101 $aeng 102 $aDE 105 $a|||| ||||| 200 1 $aHarmonic Analysis on Compact Solvmanifolds$fJonathan Paul Brezin 210 $aBerlin$cSpringer$d1977 215 $aviii, 180 p.$d24 cm 461 1$1001VAN00102250$12001 $aLecture notes in mathematics$1210 $aBerlin [etc.]$cSpringer$v602 606 $a43-XX$xAbstract harmonic analysis [MSC 2020]$3VANC021258$2MF 606 $a43A85$xAnalysis on homogeneous spaces [MSC 2020]$3VANC020468$2MF 610 $aAnalysis$9KW:K 610 $aCalculus$9KW:K 610 $aHarmonic analysis$9KW:K 610 $aHomogeneous spaces$9KW:K 610 $aMathematical physics$9KW:K 610 $aRepresentation Theory$9KW:K 620 $dBerlin$3VANL000066 700 1$aBrezin$bJonathan P.$3VANV214533$045317 712 $aSpringer $3VANV108073$4650 801 $aIT$bSOL$c20250926$gRICA 856 4 $uhttps://doi.org/10.1007/BFb0069793$zE-book ? Accesso al full-text attraverso riconoscimento IP di Ateneo, proxy e/o Shibboleth 899 $aBIBLIOTECA DEL DIPARTIMENTO DI MATEMATICA E FISICA$1IT-CE0120$2VAN08 912 $fN 912 $aVAN00260374 950 $aBIBLIOTECA DEL DIPARTIMENTO DI MATEMATICA E FISICA$d08DLOAD e-book 6036 $e08eMF6036 20230628 996 $aHarmonic analysis on compact solvmanifolds$980773 997 $aUNICAMPANIA